Central Library OPAC University of Rajshahi

Managerial economics : (Record no. 14685)

MARC details
000 -LEADER
fixed length control field 00830cam a2200265 4500
001 - CONTROL NUMBER
control field 14685
003 - CONTROL NUMBER IDENTIFIER
rucl marc code BD-RjUL
005 - DATE AND TIME OF LATEST TRANSACTION
control field 20211208235654.0
008 - FIXED-LENGTH DATA ELEMENTS--GENERAL INFORMATION
fixed length control field 140208s1969 maua 001 0 eng
035 ## - SYSTEM CONTROL NUMBER
System control number (BD-RjUL)14739
040 ## - CATALOGING SOURCE
Original cataloging agency DLC
Transcribing agency DLC
Modifying agency DLC
-- BD-RjUL
Language of cataloging eng
041 ## - LANGUAGE CODE
Language code of text/sound track or separate title eng
082 00 - DEWEY DECIMAL CLASSIFICATION NUMBER
Classification number 658.4030684
Author mark and year GIM 1969
100 1# - MAIN ENTRY--PERSONAL NAME
Personal name Gillis, Floyd E.
9 (RLIN) 45778
245 10 - TITLE STATEMENT
Title Managerial economics :
Remainder of title Decision making under certainty for business and engineering /
Statement of responsibility, etc. Floyd E. Gillis, Jr.
260 ## - PUBLICATION, DISTRIBUTION, ETC. (IMPRINT)
Place of publication, distribution, etc. Reading, Mass.,
Name of publisher, distributor, etc. Addison-Wesley Pub. Co.
Date of publication, distribution, etc. c1969.
300 ## - PHYSICAL DESCRIPTION
Pagination vii, 296 p. :
Illustrations ill. ;
Size 24 cm.
504 ## - BIBLIOGRAPHY, ETC. NOTE
Bibliography, etc Includes index.
650 #0 - SUBJECT ADDED ENTRY--TOPICAL TERM
Topical term or geographic name as entry element Decision making.
9 (RLIN) 45779
Topical term or geographic name as entry element Industrial management.
9 (RLIN) 45780
Topical term or geographic name as entry element Industrial engineering.
9 (RLIN) 45781
942 ## - ADDED ENTRY ELEMENTS (KOHA)
Source of classification or shelving scheme Dewey Decimal Classification
Koha item type Books
Holdings
Lost status Source of classification or shelving scheme Damaged status Not for loan Collection code Permanent Location Current Location Shelving location Date acquired Source of acquisition Cost, normal purchase price Total Checkouts Full call number Date last seen Copy number Koha item type
  Dewey Decimal Classification   Not For Loan Non-fiction Central Library, University of Rajshahi Central Library, University of Rajshahi Reading Room 20/07/1971 Zeitlinger 95.00   658.4030684 GIM 1969 08/02/2014 C-1 Books
  Dewey Decimal Classification     Non-fiction Central Library, University of Rajshahi Central Library, University of Rajshahi   20/07/1971 zeitlinger 95.00   658.4030684 GIM 1969 29/04/2019 C-2 Books
  Dewey Decimal Classification     Non-fiction Central Library, University of Rajshahi Central Library, University of Rajshahi   20/07/1971 zeitlinger 95.00   658.4030684 GIM 1969 29/04/2019 C-3 Books
  Dewey Decimal Classification     Non-fiction Central Library, University of Rajshahi Central Library, University of Rajshahi   20/07/1971 zeitlinger 95.00   658.4030684 GIM 1969 29/04/2019 C-2 Books